000 00597nam a2200229Ia 4500
003 OSt
005 20221007065313.0
006 a|||||r|||| 00| 0
007 ta
008 221006b |||||||| |||| 00| 0 eng d
024 _a21,940
037 _cTextual
040 _aFLL
_cFLL
_beng
041 _2eng
_aeng
082 _aZ2,8,11, N6
100 _aChaudhay Pawan
_9686819
245 0 _aWonderland of law & justice
260 _aDelhi
_bVidhi Seva India
_c1996
300 _aix, 258p
_ccm.
942 _hZ2,8,11, N6
_cTEXL
_2CC
999 _c1136923
_d1136923